Recherches sur la géographie systématique et positive des anciens (Record no. 154683)
[ view plain ]
| 000 -LEADER | |
|---|---|
| campo de control de longitud fija | 00978nam a22002055i 4500 |
| 001 - NÚMERO DE CONTROL | |
| campo de control | 154683 |
| 003 - IDENTIFICADOR DE NÚMERO DE CONTROL | |
| campo de control | ES-MaACL |
| 005 - FECHA Y HORA DE LA ÚLTIMA TRANSACCIÓN | |
| campo de control | 20230906205822.0 |
| 008 - DATOS DE LONGITUD FIJA--INFORMACIÓN GENERAL | |
| campo de control de longitud fija | 971230s1798 fr a |||| | fre d |
| 040 ## - FUENTE DE CATALOGACIÓN | |
| Centro catalogador/agencia de origen | CYL |
| Lengua de catalogación | spa |
| Centro/agencia transcriptor | CYL |
| 100 1# - ENTRADA PRINCIPAL--NOMBRE DE PERSONA | |
| Nombre de persona | Gossellin, Pascal-François-Joseph. |
| 9 (RLIN) | 127491 |
| 245 10 - MENCIÓN DEL TÍTULO | |
| Título | Recherches sur la géographie systématique et positive des anciens |
| Resto del título | : pour servir de base a l'histoire de la géographie ancienne / |
| Mención de responsabilidad, etc. | par P. F. J. Gossellin de l'Institut National de France ; tome premier. |
| 260 ## - PUBLICACIÓN, DISTRIBUCIÓN, ETC. | |
| Lugar de publicación, distribución, etc. | A Paris : |
| Nombre del editor, distribuidor, etc. | de l'Imprimerie de la République, |
| Fecha de publicación, distribución, etc. | An VI [1798] |
| 300 ## - DESCRIPCIÓN FÍSICA | |
| Extensión | VIII, 272 p., [6] h. de grab. pleg. ; |
| Dimensiones | 4º marquilla. |
| 597 #1 - NOTA DE DESCRIPCIÓN FÍSICA | |
| NOTA DE DESCRIPCIÓN FÍSICA | Sign.: [ ]\p4\s, A-Z\p4\s, 2A-2L\p4\s. |
| 597 #1 - NOTA DE DESCRIPCIÓN FÍSICA | |
| NOTA DE DESCRIPCIÓN FÍSICA | Antep. |
| 599 #1 - NOTA A LAS ILUSTRACIONES | |
| NOTA A LAS ILUSTRACIONES | Las h. de grab. calc., son mapas. |
| 752 ## - ENTRADA AGREGADA--NOMBRE JERÁRQUICO DEL LUGAR | |
| País o entidad superior | Francia - |
| Ciudad | París |
| 852 ## - LOCALIZACIÓN | |
| Ubicación | ES-MaACL |
| Número de control de estantería | R-120(1) |
| Nota libre | -- Enc. piel gofrada |
| Encuadernación | -- Edic.: en colofón consta : Par les soins de P.D. Duboy-Laverne, directeur de l'Imprimerie de la République |
| Estatus retirado | Estado de pérdida | Estado de daño | No para préstamo | Colección | Biblioteca de origen | Biblioteca actual | Ubicación en estantería | Fecha de adquisición | Fuente de adquisición | Total de préstamos | Signatura topográfica completa | Código de barras | Visto por última vez | Precio de reemplazo | Tipo de ítem Koha |
|---|---|---|---|---|---|---|---|---|---|---|---|---|---|---|---|
| Libros del s. XVIII | Biblioteca del Ateneo de Madrid | Biblioteca del Ateneo de Madrid | Depósito | 17/01/2008 | R-120(1) | 1161787 | 23/02/2023 | 23/02/2023 | Libro impreso antiguo |
